000 00634nam a2200181Ia 4500
008 090124s9999 xx 000 0 und d
082 _b38869
100 _aबेडेकर विश्राम
245 _a स्पीलबर्गची पत्रे
250 _a1
260 _bपॉप्य़ुलर प्रकाशन
_c1985
300 _a67
600 _aबेडेकर विश्राम
630 _a स्पीलबर्गची पत्रे
700 _aबेडेकर विश्राम
730 _a स्पीलबर्गची पत्रे
942 _cBOOK
999 _c104656
_d104656